• 首页
  • 本馆介绍
  • 公告通知
  • 最新文献
  • 馆藏检索
  • 电子资源
  • 读者导购
  • 参考咨询
  • 我的图书馆
  • 登录
  • 详细信息显示
  • 放入我的书架
  • 预约/预借图书
  • 作者相关作品
  • 分类相关作品
  • 丛书相关作品
  • 出版社相关作品

书目信息

  • 表格格式
  • 工作单格式
  • 卡片格式
题名:
20世纪百部好莱坞经典
    
 
作者: 何伯雄 主编 ;严敏 , 乔健 编著
分册:  
出版信息: 上海   文汇出版社  1999.04
页数: 343页
开本: 32开
丛书名:
单 册:
中图分类: I207.35
科图分类:
主题词: 电影文学剧本--简介
电子资源:
ISBN: 7-80531-539-6
000 00661nam0 2200217 45
001 0105170850
005 20040414211021.6
010    @a7-80531-539-6@dCNY16.00
100    @a20010517d1999 km y0chiy0120 ea
101 0  @achi
105    @a z 000yy
200 1  @a20世纪百部好莱坞经典@A20 Shi Ji Bai Bu Hao Lai Wu Jing Dian@f何伯雄主编@FHe Bo Xiong Zhu Bian@g严敏,乔健编著
210    @a上海@c文汇出版社@d1999.04
215    @a343页@c插图@d32开
606 0  @a电影文学剧本@x简介
690    @aI207.35@v4
701    @a何伯雄@4主编
702  0 @a严敏@AYan Min@4编著
702  0 @a乔健@AQiao Jian@4编著
801    @aCN@bTSTC@c20010517
905    @dI207.35@e64@f1@b297097
    
    20世纪百部好莱坞经典/何伯雄主编/严敏,乔健编著.-上海:文汇出版社,1999.04
    343页:插图;32开
    
    
    ISBN 7-80531-539-6:CNY16.00
    
●
相关链接 在E读中查询图书 在五车中查询图书 在当当中查询图书 在豆瓣中查询图书


正题名:20世纪百部好莱坞经典     索取号:I207.35/64         预约/预借

序号 登录号 条形码 馆藏地/架位号 状态 备注
1 0297097   202970972   第二借阅区/ [索取号:I207.35/64] 在馆    
2 0297098   202970981   第一样本阅览室/ [索取号:I207.35/64] 在馆    
3 0297099   202970990   第二借阅区/ [索取号:I207.35/64] 在馆    
唐山师范学院图书馆 欢迎您!
大连网信软件有限公司© 版权所有